000 00728nam a22002417a 4500
003 UA-OsUOA
001 129198
007 ta
008 20180220b un ||||| |||| 00| 0 ukr d
100 _aБердз Д.
090 _a908:94(477.81)
_bБ48
942 _cBK
040 _aUA-OsUOA
_bukr
_cUA-OsUOA
_dUA-OsUOA
245 _aГолокост у Рівному
_bмасове вбивство в Сосонках, листопад 1941 р.
300 _a168 с.
955 _a1
041 _aukr
_hМова оригіналу
080 _a908:94(477.81)
020 _a978-966-416-523-2
260 _aРівне
_bВолинські обереги
_c2017
650 7 _a908 Краєзнавство
_2UDC
999 _c416986
_d416986